000 01394cam a2200253 i 4500
999 _c58410
_d58410
001 21891812
005 20220121110028.0
006 m |o d |
007 cr |||||||||||
008 210121s2021 enk ob 001 0 eng
020 _z9780367545123
041 _aeng
080 _a371.92 M-19
100 1 _aMainstone-Cotton, Sonia
_913418
245 1 0 _aSupporting children with social, emotional and mental health needs in the early years :
_bpractical solutions and strategies for every setting /
_cSonia Mainstone-Cotton.
250 _aFirst edition
264 1 _aLondon :
_bRoutledge, Taylor & Francis Group
_c2021.
300 _a194 p
_b25 cm.
653 _aსოციალური, ემოციური და ფსიქიკური ჯანმრთელობის საჭიროებების მქონე ბავშვების დახმარება სკოლამდელ ასაკში
653 _aПоддержка детей с социальными, эмоциональными и психическими потребностями в раннем возрасте
653 _aგონებრივი შეზღუდული შესაძლებლობის მქონე ბავშვები
653 _aДети с умственными отклонениями
942 _2udc
_cBK